ដី និង ព្រៃកម្ពុជា (Record no. 9160)

000 -LEADER
fixed length control field 00278nam a22001217a 4500
040 ## - CATALOGING SOURCE
Transcribing agency SY
082 ## - DEWEY DECIMAL CLASSIFICATION NUMBER
Classification number 839
100 ## - MAIN ENTRY--AUTHOR NAME
Personal name KOL TOUCH; គល់ ទូច
245 ## - TITLE STATEMENT
Title ដី និង ព្រៃកម្ពុជា
260 ## - PUBLICATION, DISTRIBUTION, ETC. (IMPRINT)
Place of publication RUA
Name of publisher KOL
Year of publication 1995
300 ## - PHYSICAL DESCRIPTION
Number of Pages 152p.
942 ## - ADDED ENTRY ELEMENTS (KOHA)
Koha item type សៀវភៅភាសាខ្មែរ
952 ## - LOCATION AND ITEM INFORMATION (KOHA)
Withdrawn status [LOCAL, KOHA] 0
952 ## - LOCATION AND ITEM INFORMATION (KOHA)
Withdrawn status [LOCAL, KOHA] 0
952 ## - LOCATION AND ITEM INFORMATION (KOHA)
Withdrawn status [LOCAL, KOHA] 0
Holdings
Permanent Location Date acquired Koha item type Lost status Shelving location Barcode Current Location Full call number
Library Block C2016-08-25សៀវភៅភាសាខ្មែរ C306RUA060033Library Block C839 KOL 1995 C306
Library Block C2016-08-25សៀវភៅភាសាខ្មែរ C306RUA043377Library Block C839 KOL 1995 C306
Library Block C2016-08-25សៀវភៅភាសាខ្មែរ C329RUA046271Library Block C839 KOL 1995 C329
មជ្ឈមណ្ឌលឯការនៃសាកលវិទ្យាល័យភូមិន្ទកសិកម្មចំការដូង

Powered by Koha